Gaming Quiz

Random Gaming or Art Quiz

Toys and Games by Mural Quiz Stats

 Plays Quiz Updated May 26, 2019

Score 0/18 Timer 04:00
1 Play Today
% Correct
Angry Birds
98.8%
Super Mario Bros.
97.2%
Monopoly
92.9%
Pokémon
92.5%
Pac-Man
87.8%
Rubik's Cube
87.2%
Sonic the Hedgehog
86.8%
Chess
86.7%
Donkey Kong
85.3%
% Correct
Tetris
83.4%
Scrabble
83%
The Legend of Zelda
77.7%
Space Invaders
75%
Mortal Kombat
66.7%
Street Fighter
64.3%
Fallout
56.5%
Mega Man
56.1%
Earthworm Jim
46.7%

You're not logged in!

Compare scores with friends on all Sporcle quizzes.
OR
Log In

Sporcle TV

Today on Sporcle TV


Watch our educational content, quiz creation guides, and fun videos on Sporcle TV.

Show Comments

Extras

Top Quizzes Today


Score Distribution

Your Account Isn't Verified!

In order to create a playlist on Sporcle, you need to verify the email address you used during registration. Go to your Sporcle Settings to finish the process.

Report this User

Report this user for behavior that violates our Community Guidelines.

Details: